Most Published X-Teams Members Marvel - Statistics

General Stats
  • This quiz has been taken 33 times
    20 since last reset
  • The average score is 145 of 500
Answer Stats
Issues Answer % Correct
11 The A
100%
1589 Angel/Archangel
90%
12 Archangel
90%
59 Beast
90%
7 Beast (Exiles)
90%
2333 Beast Prime
90%
1507 Colossus
90%
13 Corporal Scott Summers
90%
2668 Cyclops
90%
914 Gambit
90%
16 Gambit (Exiles)
90%
1476 Iceman
90%
255 Logan
90%
1150 Magneto
90%
21 Mystiq
90%
622 Mystique
90%
1740 Phoenix
90%
1288 Rogue
90%
21 Rogue (Anna Raven)
90%
1320 Shadowcat
90%
2284 Storm
90%
4129 Wolverine (Logan)
90%
585 Bishop
80%
304 Black King
80%
871 Cable
80%
925 Captain Britain
80%
18 Charles Xavier (Multiverse X-Men)
80%
508 Juggernaut
80%
23 Kurt Waggoner
80%
820 Magik
80%
16 Magik (Exiles)
80%
352 Mister Sinister
80%
59 Nightcrawler (Kurt Darkhölme)
80%
1503 Nightcrawler (Kurt Wagner)
80%
8 Nighty-Nightcrawler
80%
1682 Professor X
80%
123 Prosh
80%
180 Psylocke
80%
1671 Scarlet Witch
80%
639 Sunspot
80%
540 Talon
80%
30 Thunderbird (Exiles)
80%
434 Warpath
80%
1259 White Queen
80%
153 Wolverine (Laura Kinney)
80%
320 Apocalypse
70%
472 Banshee
70%
29 Changeling
70%
72 Deadpool (Ellie Camacho)
70%
1188 Deadpool (Wade Wilson)
70%
439 Forge
70%
6 Forge (Exiles)
70%
728 Havok
70%
656 Jubilee
70%
142 Legion
70%
585 Polaris
70%
7 Polaris (Exiles)
70%
21 Pyro (Simon Lasker)
70%
183 Pyro (St. John Allerdyce)
70%
946 Quicksilver
70%
622 Sabretooth
70%
108 Sabretooth (AoA)
70%
306 Siryn
70%
28 Spider-Man (Miguel O'Hara)
70%
271 Toad
70%
6 Witch (Wanda Maximoff)
70%
100 Beak
60%
846 Cannonball
60%
1885 Captain Marvel
60%
537 Domino
60%
67 Morph (Benji Deeds)
60%
23 Morph (Kevin MacTaggert)
60%
114 Morph (Kevin Sidney)
60%
572 Ms. Marvel
60%
1866 Namor
60%
679 Powerhouse
60%
258 Sunfire
60%
42 Sunfire (Mariko Yashida)
60%
544 Wolfsbane
60%
619 Askani
50%
143 Callisto
50%
10 Captain America (Peggy Carter)
50%
587 Captain Avalon
50%
72 Cassandra Nova
50%
143 Egg
50%
178 Elixir
50%
151 Fantomex
50%
321 Kid Omega
50%
279 Magma
50%
158 Mastermind
50%
62 Mimic
50%
70 Mimic (Exiles)
50%
45 Omega
50%
322 Pixie
50%
98 Proteus
50%
303 Revelation
50%
73 Sasquatch (Heather Hudson)
50%
66 Thunderbird (John Proudstar)
50%
55 Thunderbird (Neal Shaara)
50%
176 X-Man
50%
261 Armor
40%
28 Azazel
40%
145 Black Tom Cassidy
40%
38 Blink
40%
130 Blink (AoA)
40%
389 Boom-Boom
40%
137 Caliban
40%
13 Cam Long
40%
24 Cat
40%
154 Corsair
40%
66 Darwin
40%
168 Destiny
40%
182 Exodus
40%
111 Feral
40%
428 Firestar
40%
212 Glob Herman
40%
196 Guardian
40%
336 Hellverine
40%
342 Hope Summers
40%
289 Husk
40%
67 Kid Gladiator
40%
509 Krakoa
40%
50 Krakoa III
40%
11 Life
40%
541 Mirage
40%
325 Moira X
40%
271 Nemesis
40%
89 Nocturne
40%
504 Nova
40%
298 Sage
40%
251 Shaman
40%
264 Shatterstar
40%
208 Synch
40%
121 Tempus
40%
74 Triage
40%
6 Valeria Richards (Exiles)
40%
393 Warlock
40%
177 Abigail Brand
30%
305 Anole
30%
292 Aurora
30%
127 Avalanche
30%
50 Bedlam
30%
144 Black Priestess
30%
114 Blindfold
30%
99 Cerebella
30%
35 Cerebra (A.I.)
30%
15 Cerebra (Shakti Haddad)
30%
286 Chamber
30%
129 Ch'od
30%
44 Cipher
30%
295 Cloak
30%
289 Dagger
30%
496 Dazzler
30%
197 Doctor Nemesis
30%
191 Doop
30%
129 Dr. Cecilia Reyes
30%
173 Dust
30%
70 EVA
30%
108 Eye-Boy
30%
80 Firefist
30%
19 ForgetMeNot
30%
183 Frenzy
30%
111 Gentle
30%
157 Goblin Queen
30%
113 Gwenpool
30%
219 Hellion
30%
136 Hepzibah
30%
44 Holocaust
30%
309 Karma
30%
10 King
30%
58 Lady Mastermind
30%
29 Lee Forrester
30%
24 Lifeguard
30%
182 Lilandra Neramani
30%
219 Longshot
30%
65 Mister Sensitive
30%
345 Multiple Man
30%
24 Namora (Exiles)
30%
49 Nanny
30%
46 Negasonic Teenage Warhead
30%
414 Northstar
30%
162 Omega Red
30%
43 Orphan-Maker
30%
6 Panther
30%
358 Penance/M
30%
150 Pete Wisdom
30%
364 Puck
30%
123 Raza
30%
322 Rictor
30%
327 Rockslide
30%
70 Shogo Lee
30%
92 Skids
30%
21 Slipstream
30%
321 Strong Guy
30%
6 Sunpyre
30%
66 Tempest
30%
63 Tempo
30%
94 Vanisher
30%
59 Velocidad
30%
67 Vulcan
30%
170 Wild Child
30%
25 Adam-X
20%
16 Aero
20%
10 Alchemy
20%
75 Alistaire Stuart
20%
92 Amanda Sefton
20%
49 Amelia Voght
20%
37 Annie Ghazikhanian
20%
64 Arclight
20%
19 Ariel
20%
101 Armageddon Girl
20%
15 Basilisk
20%
7 Becky Barnes
20%
35 Black Bishop (Max Frankenstein)
20%
13 Black Queen (Lourdes Chantel)
20%
145 Bling!
20%
210 Box
20%
25 Briar Raleigh
20%
23 Brigadier Sandy Stuart
20%
110 Broo
20%
24 Carter Ghazikhanian
20%
256 Celeste Cuckoo
20%
7 Choir
20%
29 Collective Man
20%
79 Copycat
20%
23 Crosta
20%
146 Danger
20%
136 Dark Beast
20%
116 Darkstar
20%
53 Dead Girl
20%
39 Deathlok Prime
20%
85 Dr. Kavita Rao
20%
71 Empath
20%
72 Emplate
20%
69 Ernst
20%
77 Esme Cuckoo
20%
71 Fabian Cortez
20%
23 Face
20%
59 Forearm (Michael McCain)
20%
100 Gateway
20%
144 Genesis (Evan Sabahnur)
20%
282 Gloriana
20%
62 Graymalkin
20%
118 Greycrow
20%
6 Henrietta Hunter
20%
11 Hercules (Exiles)
20%
40 Hijack
20%
21 Hollow
20%
13 Hub
20%
60 Icarus
20%
65 Indra
20%
34 Ink
20%
97 Jimmy Hudson
20%
59 Joseph
20%
13 Karasu-Tengu
20%
10 Khan
20%
47 Kylun
20%
227 Lady Deathstrike
20%
125 Layla Miller
20%
177 Leech
20%
101 Lila Cheney
20%
92 Loa
20%
345 Lockheed
20%
7 Longneck
20%
75 Maggott
20%
140 Manifold
20%
165 Marrow
20%
105 Mentallo
20%
164 Mercury
20%
257 Mindee Cuckoo
20%
34 Mondo
20%
15 Morgan Red
20%
82 M-Twins
20%
92 Omega Sentinel
20%
8 Omertà
20%
29 Onyxx
20%
37 Peeper
20%
7 Petra
20%
37 Phat
20%
270 Phoebe Cuckoo
20%
69 Power Princess
20%
63 Primal
20%
203 Prodigy
20%
65 Random
20%
25 Risque
20%
54 Sabra
20%
144 Scout
20%
59 Shard
20%
84 Shark-Girl
20%
167 Skin
20%
80 Sophie Cuckoo
20%
129 Spiral
20%
47 Sprite
20%
46 Stevie Hunter
20%
196 Surge
20%
223 Temper
20%
22 Tom Corsi
20%
82 Trance
20%
77 Transonic
20%
45 Trinary
20%
35 U-Go Girl
20%
52 Unus the Untouchable
20%
232 Valerie Cooper
20%
14 Valkyrie (Exiles)
20%
55 Vivisector
20%
45 Wallflower
20%
75 Warbird
20%
41 White Bishop
20%
32 White King (Manuel Enduque)
20%
92 Widget
20%
77 Wind Dancer
20%
9 Wing
20%
42 Wither
20%
46 Wiz-Kid
20%
15 Wolvie
20%
5 Wraith
20%
62 Xorn
20%
84 Yukio
20%
21 Zeitgeist
20%
33 Zero
20%
54 Zorn
20%
32 Albert
10%
7 Alchemist
10%
13 Amass
10%
23 Amazing Baby
10%
56 Anarchist
10%
63 Arakko
10%
8 Archer
10%
152 Artie Maddicks
10%
6 Aura Charles
10%
14 Axo
10%
15 Beautiful Dreamer
10%
35 Bei the Blood Moon
10%
11 Ben Liu
10%
10 Bill the Lobster
10%
13 Bird-Brain
10%
18 Birdy
10%
72 Blaquesmith
10%
5 Bloke
10%
31 Bloodstorm
10%
50 Brightwind
10%
15 Bronze
10%
12 Brutha Nature
10%
27 Calico
10%
58 Candy Southern
10%
50 Cerise
10%
9 Chance
10%
38 Charlotte Jones
10%
12 Cluster
10%
20 Cosmar
10%
8 Crave
10%
50 Cr'reee
10%
34 Curse
10%
12 D-Cel
10%
103 Deathbird
10%
29 Deathdream
10%
13 Decay
10%
71 Diamond Lil
10%
7 Dr. Craig Marshall
10%
39 Dr. Peter Corbeau
10%
13 Dryad
10%
32 Dr. Yuriko Takiguchi
10%
8 El Guapo
10%
18 Ember
10%
7 Emmeline Frost-Summers
10%
42 Erg
10%
60 Escapade
10%
16 Fauna
10%
18 Feron
10%
22 Fever Pitch
10%
15 Fisher King
10%
16 Fiz
10%
11 Flourish
10%
7 Flubber
10%
13 Freakshow
10%
6 Gabriel Shepherd
10%
14 Gaia
10%
18 Galura
10%
11 Gazing Nightshade
10%
10 Gomi
10%
15 Gone Girl
10%
12 Gorgeous George
10%
99 Gorgon
10%
14 Gosamyr
10%
10 Granny Smite
10%
10 Hairbag
10%
18 Harry Snow
10%
24 Howlett
10%
89 Irene Merryweather
10%
11 Ironfire
10%
12 Iron Lad (Exiles)
10%
8 Jazz
10%
11 Jeffrey Garrett
10%
14 Jen Starkey
10%
27 Jitter
10%
11 Johnny Dee
10%
55 Jonathan the Unstoppable
10%
25 Khora of the Burning Heart
10%
9 King Bedlam
10%
17 Kobak Never-Held
10%
55 Kyle Jinadu
10%
20 Lactuca the Knower
10%
9 Leo Eng
10%
14 Locus
10%
17 Lodus Logos
10%
13 Longstrike
10%
12 Loolo
10%
19 Lorelei Travis
10%
17 Lost
10%
29 Mammomax
10%
12 Marie D'Ancanto
10%
92 Match
10%
14 Melee
10%
37 Melita Garner
10%
9 Michaela Ladak
10%
40 Micromax
10%
19 Mister M
10%
48 Mordred
10%
78 Nekra
10%
7 Network
10%
60 Outlaw
10%
26 Phaser
10%
11 Phatty
10%
192 Pip the Troll
10%
6 Preview
10%
9 Pulse
10%
19 Quill
10%
26 Rain Boy
10%
28 Ransom
10%
22 Rasputin IV
10%
17 Redroot the Forest
10%
9 Rosa Lemper
10%
15 Rubber Maid
10%
10 Ruckus
10%
12 Sack
10%
12 Sapna
10%
109 Scarlet Samurai
10%
8 Scorpion Boy
10%
9 Sentinel-X
10%
23 Sharon Friedlander
10%
21 Shola Inkose
10%
34 Sikorsky
10%
25 Skybolt
10%
162 Snowbird
10%
24 Sobunar of the Depths
10%
7 Sojobo-Tengu
10%
33 Somnus
10%
14 Specter
10%
13 Spider-Girl (Gwen Warren)
10%
9 Spike (Darian Elliott)
10%
5 Spike (Gary Walsh)
10%
31 Squid-Boy
10%
49 Stacy X
10%
19 Sunder
10%
7 Sway
10%
10 Syzya of the Smoke
10%
31 Tag
10%
10 Theia
10%
19 Third Eye
10%
16 Thornn
10%
12 Thumbelina
10%
18 Tier Sinclair
10%
101 Trish Tilby
10%
184 Typhoid Mary
10%
16 Vange Whedon
10%
37 Venus Dee Milo
10%
15 Weaponless Zsen
10%
20 Wicked
10%
52 Wildside
10%
39 Wolf Cub
10%
14 Wrongslide
10%
27 Xandra Neramani
10%
18 Xilo
10%
9 Xyber
10%
6 Ziggy Karst
10%
31 Belle
0%
9 Cherub
0%
9 Cyclops-Lass
0%
20 DJ
0%
9 Dome
0%
21 Feint
0%
8 Fixx
0%
9 Greystone
0%
25 Hindsight
0%
32 Jumbo Carnation
0%
17 Kafka
0%
16 Kate Kildare
0%
22 Kiden Nixon
0%
44 Korvus
0%
13 Kymera
0%
13 Lacuna
0%
7 Local
0%
16 Manon
0%
9 Marvel Guy
0%
15 Maxime
0%
36 Melter
0%
23 Pickles
0%
11 Slab
0%
8 Tommy
0%
5 Woofer
0%
No matching quizzes found
Score Distribution
Percent of People with Each Score
Percentile by Number Answered
Your Score History
You have not taken this quiz since the last reset